| 000 | 00894nam a22002297a 4500 | ||
|---|---|---|---|
| 999 |
_c17482 _d17482 |
||
| 003 | AR-CdUCM | ||
| 008 | 190313b ||||| |||| 00| 0 spa d | ||
| 040 |
_aMUNICIPALIDAD PROVINCIAL DEL CUSCO _cBIBLIOTECA MUNICIPAL DEL CUSCO |
||
| 082 |
_a980.01 / _bH519 _24 ed. |
||
| 100 |
_aHenríquez Ureña, Pedro _913415 |
||
| 245 | _aHistoria de la cultura en la América hispánica / | ||
| 260 |
_aMéxico, D.F. : _bFondo de Cultura Económica, _c1959. |
||
| 300 |
_a173 páginas ; _c17 cm. |
||
| 440 |
_aColección popular _n5 _917060 |
||
| 505 | _aContenido : Culturas Indígenas -- El descubrimiento y la colonización de América -- La cultura colonial -- La independencia, 1800-1825 ... | ||
| 650 |
_aHistoria Latinoamericana _912945 |
||
| 650 |
_aAmérica latina _94491 |
||
| 650 |
_aCultura latina _917061 |
||
| 650 |
_aSiglo XX _917062 |
||
| 942 |
_2ddc _cLIBROS |
||
| 945 |
_arum _d2019-05-08 |
||